000 00760cam a22002291 4500
001 s 32000005
003 DLC
005 20260227111911.0
008 850506s1931 xx a m000 0 fre
010 _as 32000005
035 _a(OCoLC)12003018
040 _aDLC
_cIDeKN
_dOCoLC
_dDLC
043 _aai-----
050 0 0 _aDS534
_b.A53
245 0 2 _aL'Indochine francaise.
260 _a[S.l. :
_bGouvernement general de l'Indochine,
_c1931]
300 _a1 p. leaf, 7-58 p., 2 leaves :
_bill. ;
_c23 cm.
500 _aAt head of title: Exposition coloniale internationale, Paris, 1931.
500 _aFolded map mounted on p. [3] of cover.
651 0 _aIndochina
_xDescription and travel.
711 2 _aExposition coloniale internationale de Paris
_d(1931)
999 _c52713
_d52713